01156nam a22002537a 450000500170000001000130001702000210003003500130005103700160006404000120008008200290009210000450012124501490016624600650031526000850038027001090046530000580057450000550063265000670068765000690075465000160082365000250083970000380086420170124103152.0 aB-004320 c00.00a817487187 aB-004320 bCen Lib/Ret aDPLbHN a909bत्यागी  aत्यागी, एम० एस०  aआधुनिक विश्व का इतिहास /cएम० एस० त्यागी [और] रजनी त्यागी  aAdhunik vishav ka itihas /bby M. S. Tyagi [aur] Rajni tyagi aनई दिल्ली bराधा पब्लिकेशन्सc2000 a4378/4 बी, अंसारी रोड दरियागंजbनई दिल्ली e110002 axviii,800पृ. c21सेमी(सजिल्द) aअनुक्रमणिका शामिल aसांस्कृतिक पुनरुत्थान  aऔपनिवेशिक साम्राज्यवाद aRenaissance aColonial imperialism aत्यागी, रजनी